000 01096nam a22002537a 4500
005 20170124102937.0
010 _aA-952052
020 _c60.00
035 _aA-952052
037 _bCen Lib/Ret
040 _aDPL
_bHN
082 _a821
_bलालकृ
100 _aलाल 'मधुकर', कृष्ण मुरारी
_946986
245 _aयात्रा-पथ :
_cकृष्ण मुरारी लाल 'मधुकर'
_bकविता-संग्रह /
246 _aYatra-path : kavita-sangreh /
_bby Krishn Murari Lal 'Madhukar'
260 _aलखनऊ
_bश्रीमती शशि श्रीवास्तव
_c1999
270 _a347/332, प्राचीन टिकैत गंज
_bलखनऊ
_e226 004
300 _a80पृ.
_c21सेमी (सजिल्द)
650 _aहिन्दी -- साहित्य
_946987
650 _aहिन्दी -- काव्य
_9779
650 _aHindi - literature
_946988
650 _aHindi - Poem
_946989
942 _2ddc
_cHN
_h821
_mलालकृ
999 _c112343
_d112343